书目信息 |
| 题名: |
中外园林通史
|
|
| 作者: | 张健 主编 | |
| 分册: | ||
| 出版信息: | 武汉 华中科技大学出版社 2016.12 |
|
| 页数: | 488页 | |
| 开本: | 26cm | |
| 丛书名: | ||
| 单 册: | ||
| 中图分类: | TU-098.41 | |
| 科图分类: | ||
| 主题词: | 园林建筑--建筑史--世界--高等学校--教材 | |
| 电子资源: | ||
| ISBN: | 978-7-5680-2367-2 | |
| 000 | 00921nam0 2200253 450 | |
| 001 | 0400004467 | |
| 005 | 20171026144950.00 | |
| 010 | @a978-7-5680-2367-2@dCNY68.00 | |
| 100 | @a20170328d2016 em y0chiy50 ea | |
| 101 | 0 | @achi |
| 102 | @aCN@b420000 | |
| 105 | @aa z 000yy | |
| 106 | @ar | |
| 200 | 1 | @a中外园林通史@9zhong wai yuan lin tong shi@dThe history of gardening@zeng@f张健主编 |
| 210 | @a武汉@c华中科技大学出版社@d2016.12 | |
| 215 | @a488页@c图@d26cm | |
| 300 | @a普通高等院校风景园林专业“十三五”规划精品教材 | |
| 330 | @a本书全面地介绍了中外园林景观的发展历程和其所蕴含的文化背景,内容丰满,结构清晰,理论体系完整,并对国内外景观设计的理念和新发展趋势进行了介绍。 | |
| 510 | 1 | @aHistory of gardening@zeng |
| 606 | 0 | @a园林建筑@x建筑史@y世界@x高等学校@j教材 |
| 690 | @aTU-098.41@v5 | |
| 701 | 0 | @a张健@9zhang jian@4主编 |
| 801 | 0 | @aCN@b91MARC@c20171024 |
| 905 | @b1038060-4@dTU-098.41@f5@e180 | |
| 中外园林通史=The history of gardening/张健主编.-武汉:华中科技大学出版社,2016.12 |
| 488页:图;26cm |
| 普通高等院校风景园林专业“十三五”规划精品教材 |
| ISBN 978-7-5680-2367-2:CNY68.00 |
| 本书全面地介绍了中外园林景观的发展历程和其所蕴含的文化背景,内容丰满,结构清晰,理论体系完整,并对国内外景观设计的理念和新发展趋势进行了介绍。 |
| ● |
| 相关链接 |
|
|
|
|
正题名:中外园林通史
索取号:TU-098.41/180
 
预约/预借
| 序号 | 登录号 | 条形码 | 馆藏地/架位号 | 状态 | 备注 |
| 1 | 1038060 | 210380602 | 第二样本阅览室/ [索取号:TU-098.41/180] | 在馆 | |
| 2 | 1038061 | 210380611 | 密集书库-生命科学系/ [索取号:TU-098.41/180] | 在馆 | |
| 3 | 1038062 | 210380620 | 第三借阅区/ [索取号:TU-098.41/180] | 在馆 | |
| 4 | 1038063 | 210380639 | 第三借阅区/ [索取号:TU-098.41/180] | 在馆 | |
| 5 | 1038064 | 210380648 | 第三借阅区/ [索取号:TU-098.41/180] | 在馆 |